000 00383nam a22001577a 4500
003 SGT
020 _a9789354651212
082 _a618.92
_bP22G
100 _aGUPTA, PIYUSH
245 _aPG. TH. OF PEDIATRICS 3 VOLUME SET
260 _aINDIA
_bJAYPEE PUB
_c2022
300 _a1218 ,2478,3639
650 _aPEDIATRICS
653 _aPG. TH. OF PEDIATRICS VOL.-1
942 _2ddc
_cBK
_05
999 _c23186
_d23186